| 000 | 01470cam a2200373 i 4500 | ||
|---|---|---|---|
| 001 | 40014 | ||
| 003 | Mx-PuUPA | ||
| 005 | 20250428120829.0 | ||
| 008 | 140415s1982 mx a gr 000 0 spa d | ||
| 020 | _a9682303222 | ||
| 040 |
_aMx-PuUPA _cMx-PuUPA _bspa _dMx-PuUPA _erda |
||
| 041 | 1 |
_aspa _heng |
|
| 100 | 1 |
_aWomack, John, _cJr., _d1937- _916995 _eautor |
|
| 240 | 1 | 0 |
_aZapata and mexican revolution. _lEspañol |
| 245 | 1 | 0 |
_aZapata y la revolución mexicana / _cpor John Womack, Jr. ; traducción de Francisco González Aramburo |
| 250 | _aDecimosegunda edición | ||
| 264 | 1 |
_aMéxico, D. F. : _bSiglo XXI Editores, _c1982 |
|
| 300 |
_axii, 443 páginas, 10 láminas : _bilustraciones (en blanco y negro) ; _c21 cm |
||
| 336 |
_2rdacontent _atexto _btxt |
||
| 337 |
_2rdamedia _asin medio _bn |
||
| 338 |
_2rdacarrier _avolumen _bnc |
||
| 490 | 0 |
_aColección América Nuestra ; _v10 |
|
| 490 | 0 | _aCaminos de Liberación | |
| 600 | 1 | 4 |
_aZapata, Emiliano, _d1879 - 1919 _vBiografía |
| 650 | 7 |
_2armarc _913986 |
|
| 651 | 4 |
_aMéxico _xHistoria _xRevolución _y1940 - 1946 |
|
| 700 | 1 |
_aGonzález Aramburo, Francisco, _etraductor |
|
| 765 |
_aWomack, John, Jr., 1937- _dNueva York : Alfred A. Knoph, 1969 _tZapata and mexican revolution. |
||
| 942 |
_2ddc _cLI _h972.0816092 _iW8718 |
||
| 999 |
_c40014 _d40014 |
||